000 00908nam a2200241Ii 4500
003 JO-AjNU
008 230605s9999||||xx |||||||||||||| ||und||
017 _a2009/6/2457
020 _a9957-16-537-6
040 _aJO-AjNU
_bara
_erda
_cJO-AjNU
041 _aara
050 1 4 _aLC4015.I246 2010
100 3 _aالإمام،محمد صالح مؤلف/الجوالدة،فؤاد عيد م.مشارك,
_eauthor
_927339
245 0 0 _aالإعاقات التطورية و الفكرية: تطبيقات تربوية من منظور نظرية العقل
250 _aط1
264 3 1 _aعمان:دار الثقافة،2010
300 _a304ص
336 _atext
_btxt
_2rdacontent
337 _aunmediated
_bn
_2rdamedia
338 _avolume
_bnc
_2rdacarrier
490 0 _aسلسة نظرية العقل في التربية الخاصة 2
650 4 _aالتربية الخاصة-الإعاقات
_927340
999 _aA10473
_c14041
_d14041